000 01412cam a22003497a 4500
999 _c16930
_d16930
003 EG-ScBUE
005 20200106155821.0
008 120808s2002 nyu f d 000 0 eng d
020 _a9780451528414
040 _aEG-ScBUE
_beng
_erda
_cEG-ScBUE
_dEG-ScBUE
082 0 4 _a803
_bREA
_222
245 0 4 _aThe Reader's companion to world literature /
_cgeneral editor, Calvin S. Brown, The University of Georgia [and seven others] ; revised and updated by Lillian Herlands Hornstein, Leon Edel, Horst Frenz.
250 _aSecond edition.
264 1 _aNew York :
_bSignet Classics,
_c2002.
300 _aviii, 805 pages ;
_c18 cm
336 _2rdacontent
_atext
_btxt
337 _2rdamedia
_aunmediated
_bn
338 _2rdacarrier
_avolume
_bnc
590 _aHAGER
650 7 _aLiterature
_v Dictionaries.
_2BUEsh
_920218
653 _bHHUUEENN
_cJuly2019
655 _vReading book
700 1 _930815
_aHornstein, Lillian Herlands,‏
_d1909-
_ereviewer.
_eeditor.
700 1 _aEdel, Leon,‏
_d1907-1997
_ereviewer.
_eeditor.
700 1 _aFrenz, Horst,‏
_d1912-1990
_ereviewer.
_eeditor.
700 1 _aBrown, Calvin S.‏
_q(Calvin Smith),‏
_d1909-1989,
_eeditor.
700 1 _aPercy, G. D,
_eeditor.
700 1 _aBrown, Sterling A,‏
_d1901-1989,
_eeditor.
700 1 _aHalstead, William Leon,‏
_d1876-
_eeditor.
700 1 _aHeilman, Robert Bechtold,‏
_d1906-2004,
_eeditor.
942 _2ddc
_cREFERENCE